Historia del Insigne, Noble e Ilustre Colegio Notarial de Valencia / (Record no. 113533)

MARC details
000 -LEADER
campo de control de longitud fija 00558nam a2200169 4500
001 - NÚMERO DE CONTROL
campo de control 113533
003 - IDENTIFICADOR DE NÚMERO DE CONTROL
campo de control ES-MaACL
005 - FECHA Y HORA DE LA ÚLTIMA TRANSACCIÓN
campo de control 20230906185929.0
007 - CAMPO FIJO DE DESCRIPCIÓN FÍSICA--INFORMACIÓN GENERAL
campo de control de longitud fija t|
008 - DATOS DE LONGITUD FIJA--INFORMACIÓN GENERAL
campo de control de longitud fija 061121s1966 sp r ||||1| spa d
100 1# - ENTRADA PRINCIPAL--NOMBRE DE PERSONA
Nombre de persona Palanca Pons, Abelardo.
9 (RLIN) 88460
245 10 - MENCIÓN DEL TÍTULO
Título Historia del Insigne, Noble e Ilustre Colegio Notarial de Valencia /
Mención de responsabilidad, etc. por Abelardo Palanca Pons.
260 ## - PUBLICACIÓN, DISTRIBUCIÓN, ETC.
Lugar de publicación, distribución, etc. Valencia :
Nombre del editor, distribuidor, etc. Ilustre Colegio Notarial,
Fecha de publicación, distribución, etc. 1966.
300 ## - DESCRIPCIÓN FÍSICA
Extensión 232 p., XII lám. ;
Dimensiones 22 cm.
710 2# - ENTRADA AGREGADA--NOMBRE DE ENTIDAD CORPORATIVA
Nombre de entidad corporativa o nombre de jurisdicción como elemento de entrada Colegio Notarial de Valencia.
9 (RLIN) 2945
852 ## - LOCALIZACIÓN
Ubicación ES-MaACL
Número de control de estantería C-30278
Sublocalización o colección R.60824
Holdings
Estatus retirado Estado de pérdida Estado de daño No para préstamo Biblioteca de origen Biblioteca actual Ubicación en estantería Fecha de adquisición Fuente de adquisición Total de préstamos Signatura topográfica completa Código de barras Visto por última vez Precio de reemplazo Tipo de ítem Koha
        Biblioteca del Ateneo de Madrid Biblioteca del Ateneo de Madrid Depósito 2 17/01/2008     C-30278 1118410 23/02/2023 23/02/2023 Libro impreso